[Event "SR 1. liga zapad 2012/2013"]
[Site "?"]
[Date "2012.10.20"]
[Round "1.2"]
[White "Federic, Jozef"]
[Black "Frindt, Kornel"]
[Result "1-0"]
[WhiteElo "2299"]
[BlackElo "2189"]
[PlyCount "71"]
[EventDate "2012.??.??"]

1. d4 Nf6 2. g3 g6 3. Bg2 Bg7 4. e4 d6 5. Ne2 O-O 6. O-O c5 7. Nbc3 e5 8. dxc5
dxc5 9. Bg5 Qxd1 10. Rfxd1 h6 11. Bxf6 Bxf6 12. Nb5 Nc6 13. Rd5 Be7 14. Rd2 Be6
15. Nec3 Rac8 16. Nd5 Bg5 17. f4 Bd8 18. Nd6 Rb8 19. c3 f6 20. f5 gxf5 21. exf5
Bf7 22. Ne3 Be8 23. Rad1 Na5 24. Nxe8 Rxe8 25. Rd7 Be7 26. Nd5 Nc6 27. Nc7 Red8
28. Bd5+ Kh8 29. Bxc6 bxc6 30. Ne6 Rxd7 31. Rxd7 Bf8 32. Rxa7 h5 33. Rd7 Bh6
34. Rd8+ Rxd8 35. Nxd8 c4 36. Nf7+ 1-0

[Event "SR 1. liga zapad 2012/2013"]
[Site "?"]
[Date "2012.10.20"]
[Round "1.2"]
[White "Gazi, Mikulas"]
[Black "Bednar, Jan"]
[Result "0-1"]
[WhiteElo "2103"]
[BlackElo "2143"]
[PlyCount "68"]
[EventDate "2012.??.??"]

1. e4 c5 2. Nf3 d6 3. d4 cxd4 4. Nxd4 Nf6 5. Nc3 a6 6. f4 Qc7 7. Bd3 Nc6 8. Nf3
g6 9. O-O Bg7 10. Qe1 O-O 11. Kh1 e6 12. Qh4 b5 13. f5 b4 14. Ne2 d5 15. e5
Nxe5 16. Nxe5 Qxe5 17. Bf4 Qxb2 18. Bd6 exf5 19. Rab1 Qa3 20. Bxf8 Kxf8 21.
Qxb4+ Qxb4 22. Rxb4 Ne4 23. Rfb1 Be5 24. a4 Bd7 25. a5 Nf2+ 26. Kg1 Nxd3 27.
cxd3 Bb5 28. d4 Bc7 29. R4b2 Bxa5 30. Ra2 Bxe2 31. Rxa5 Bc4 32. Rb7 Re8 33. Rc5
f4 34. Rcc7 Re1+ 0-1

[Event "SR 1. liga zapad 2012/2013"]
[Site "?"]
[Date "2012.10.20"]
[Round "1.2"]
[White "Janos, Ivan"]
[Black "Machalova, Veronika"]
[Result "0-1"]
[WhiteElo "2145"]
[BlackElo "2211"]
[PlyCount "92"]
[EventDate "2012.??.??"]

1. e4 c5 2. Nf3 d6 3. d4 cxd4 4. Nxd4 Nf6 5. Nc3 Nc6 6. Bg5 e6 7. Qd2 a6 8.
O-O-O Bd7 9. Kb1 b5 10. f3 Qb6 11. Be3 Qb7 12. g4 Be7 13. Nxc6 Bxc6 14. h4 Rc8
15. Bd3 O-O 16. h5 Nd7 17. g5 Ne5 18. h6 g6 19. f4 Nd7 20. a3 Rb8 21. Ne2 Bxe4
22. Bxe4 Qxe4 23. Nc3 Qf5 24. Qd4 e5 25. Nd5 Bd8 26. Qb4 exf4 27. Bxf4 Re8 28.
Ne3 Qc5 29. Qxc5 Nxc5 30. Bxd6 Rc8 31. Nd5 Ne4 32. Bf4 Nxg5 33. Rhe1 Rxe1 34.
Rxe1 Ne6 35. Bd2 Bh4 36. Re4 Rd8 37. Rxh4 Rxd5 38. Bc3 f5 39. a4 f4 40. axb5
axb5 41. Kc1 Kf7 42. Rh2 g5 43. Bd2 g4 44. Kd1 g3 45. Rg2 Kg6 46. Ke2 Kf5 0-1

[Event "SR 1. liga zapad 2012/2013"]
[Site "?"]
[Date "2012.10.20"]
[Round "1.2"]
[White "Machalova, Erika"]
[Black "Michal, Silvio"]
[Result "1/2-1/2"]
[WhiteElo "2073"]
[BlackElo "2105"]
[PlyCount "82"]
[EventDate "2012.??.??"]

1. d4 Nf6 2. c4 e6 3. Nc3 Bb4 4. Qc2 c5 5. dxc5 Bxc5 6. Nf3 d5 7. e3 O-O 8. a3
Be7 9. cxd5 Nxd5 10. Bd2 Bf6 11. Ne4 Nc6 12. Bd3 e5 13. Nxf6+ Nxf6 14. Bc3 Re8
15. Ng5 h6 16. Ne4 Nd5 17. Rd1 Nxc3 18. Qxc3 Qe7 19. Bb5 Rd8 20. O-O Bd7 21.
Nc5 Rac8 22. Nxd7 Rxd7 23. Rxd7 Qxd7 24. Bxc6 Rxc6 25. Qxe5 Rc2 26. Qb8+ Kh7
27. Qxa7 Rxb2 28. h3 Qd3 29. Qa8 Kg6 30. Qf8 Rb1 31. Rxb1 Qxb1+ 32. Kh2 Qb2 33.
Qd6+ f6 34. Kg3 Kh7 35. f3 Qc1 36. e4 Qg5+ 37. Kh2 Qe3 38. Qb4 h5 39. Qxb7 Qf4+
40. Kg1 Qe3+ 41. Kf1 Qd3+ 1/2-1/2

[Event "SR 1. liga zapad 2012/2013"]
[Site "?"]
[Date "2012.10.20"]
[Round "1.2"]
[White "Machalova, Maria"]
[Black "Kimerling, Martin"]
[Result "1/2-1/2"]
[WhiteElo "2105"]
[BlackElo "2027"]
[PlyCount "90"]
[EventDate "2012.??.??"]

1. c4 g6 2. Nc3 Bg7 3. e4 d6 4. d4 Nf6 5. f3 O-O 6. Bg5 c5 7. d5 e6 8. Qd2 exd5
9. Nxd5 Be6 10. Bd3 Nbd7 11. Ne2 Bxd5 12. exd5 Ne5 13. O-O h6 14. Be3 Re8 15.
Rae1 a6 16. h3 b5 17. b3 Nxd3 18. Qxd3 bxc4 19. bxc4 Qa5 20. Bf4 Nd7 21. Bxd6
Qxa2 22. f4 Nb6 23. Bxc5 Nxc4 24. d6 Nb2 25. Qc2 Qa4 26. Qxa4 Nxa4 27. Ba3 Re3
28. Rf3 Rxf3 29. gxf3 Rd8 30. Rc1 Bb2 31. Bxb2 Nxb2 32. Rc6 a5 33. Nc3 a4 34.
Ra6 a3 35. Rxa3 Rxd6 36. Ne4 Rd1+ 37. Kh2 Nd3 38. Ra8+ Kg7 39. Rd8 Nb2 40. Rxd1
Nxd1 41. Kg3 f5 42. Nc5 Nc3 43. Nd3 Nd5 44. h4 Nf6 45. Kf2 Nh5 1/2-1/2

[Event "SR 1. liga zapad 2012/2013"]
[Site "?"]
[Date "2012.10.20"]
[Round "1.2"]
[White "Srna, Jan"]
[Black "Helbich, Branislav"]
[Result "0-1"]
[WhiteElo "1984"]
[BlackElo "2036"]
[PlyCount "148"]
[EventDate "2012.??.??"]

1. d4 d5 2. Nf3 Nf6 3. b3 Bf5 4. Bb2 e6 5. a3 c5 6. e3 Nc6 7. Bd3 Bg4 8. Nbd2
cxd4 9. exd4 Bd6 10. Be2 Rc8 11. O-O O-O 12. c4 Bb8 13. Rc1 Qd6 14. Ne5 Bxe2
15. Qxe2 Nd7 16. f4 f6 17. Nxd7 Qxd7 18. Qd3 dxc4 19. bxc4 e5 20. fxe5 Nxe5 21.
Qb3 Ng4 22. h3 Nh6 23. c5+ Kh8 24. Qf3 Rfd8 25. Nc4 Nf7 26. Nd2 Ng5 27. Qd3 Qc7
28. Kf2 Re8 29. Rh1 Qf4+ 30. Kg1 Re3 31. Qf1 Rce8 32. Qxf4 Bxf4 33. Nf1 Re2 34.
Rb1 Rc2 35. Nh2 Be3+ 36. Kf1 Rf2+ 37. Ke1 Bxd4+ 38. Kd1 Rxb2 39. Rxb2 Bxb2 40.
a4 Ba3 41. Kd2 Bxc5 42. Rb1 b6 43. Ng4 h5 44. Nh2 Ne4+ 45. Kd3 g5 46. Nf3 Kg7
47. Rb2 f5 48. Kc4 g4 49. hxg4 hxg4 50. Nh2 Kf6 51. Nf1 a6 52. Kd5 Nc3+ 53. Kc6
Nxa4 54. Ra2 b5 55. Ng3 Re6+ 56. Kc7 Nc3 57. Ra1 Nd5+ 58. Kb7 Rb6+ 59. Kc8 Ne7+
60. Kc7 Rc6+ 61. Kb7 Bd6 62. Ne2 Be5 63. Rb1 Ke6 64. g3 Rd6 65. Re1 Kd7 66. Nc1
Bd4 67. Nb3 Rb6+ 68. Ka8 Nc6 69. Nc5+ Bxc5 70. Re8 Nd8 71. Rh8 Kc8 72. Ka7 a5
73. Re8 a4 74. Ka8 Rb8# 0-1

[Event "SR 1. liga zapad 2012/2013"]
[Site "?"]
[Date "2012.10.20"]
[Round "1.3"]
[White "Borosova, Zuzana"]
[Black "Pagerka, Martin"]
[Result "0-1"]
[WhiteElo "2263"]
[BlackElo "2261"]
[PlyCount "106"]
[EventDate "2012.??.??"]

1. d4 Nf6 2. c4 g6 3. Nc3 Bg7 4. e4 O-O 5. Nf3 d6 6. h3 e5 7. d5 Nbd7 8. Bg5
Qe8 9. g4 Nc5 10. Nd2 a5 11. Be2 h6 12. Be3 Qe7 13. g5 hxg5 14. Bxg5 Qe8 15.
Qc2 Nh7 16. Be3 f5 17. O-O-O Nf6 18. Rdg1 Na6 19. f3 f4 20. Bf2 Nh5 21. Rh2 Kh7
22. Bf1 Bf6 23. Qd1 Qe7 24. Qe1 Nc5 25. Kc2 Bd7 26. h4 Rfb8 27. Bh3 Be8 28. Bg4
c6 29. Qf1 Bf7 30. Kb1 a4 31. Bxh5 gxh5 32. Bxc5 dxc5 33. Qh3 Rg8 34. Rxg8 Rxg8
35. Nxa4 Rg1+ 36. Kc2 b5 37. Nc3 bxc4 38. dxc6 Be6 39. Nd5 Qf7 40. Rg2 Bxh3 41.
Rxg1 Bd8 42. Nxc4 Qe6 43. c7 Bxc7 44. Rg5 Qa6 45. b3 Qxa2+ 46. Nb2 Be6 47.
Rxh5+ Kg6 48. Rg5+ Kh6 49. Nxc7 Qxb3+ 50. Kb1 Bc4 51. Kc1 Qc3+ 52. Kb1 Bb3 53.
Rg1 Bc2+ 0-1

[Event "SR 1. liga zapad 2012/2013"]
[Site "?"]
[Date "2012.10.20"]
[Round "1.3"]
[White "Bury, Rastislav"]
[Black "Baranek, Jozef"]
[Result "1/2-1/2"]
[WhiteElo "2099"]
[BlackElo "2131"]
[PlyCount "85"]
[EventDate "2012.??.??"]

1. d4 Nf6 2. c4 e6 3. Nc3 d5 4. cxd5 exd5 5. Bg5 Be6 6. Qb3 Nbd7 7. Nf3 Be7 8.
e3 O-O 9. Be2 b6 10. O-O c5 11. Rfd1 h6 12. Bh4 c4 13. Qc2 a6 14. e4 Nxe4 15.
Bxe7 Qxe7 16. Nxe4 dxe4 17. Qxe4 Nf6 18. Qe5 Qb4 19. Rd2 Bd5 20. a3 Qa5 21. Qe3
b5 22. Ne5 Rfe8 23. Qc3 Qb6 24. Rdd1 Rad8 25. a4 Ne4 26. Qe1 Re6 27. axb5 axb5
28. Qa5 f6 29. Ng6 Qb8 30. Bg4 Ree8 31. Qa7 Bf7 32. Ne7+ Kf8 33. Qxb8 Rxb8 34.
Nc6 Rb7 35. Nb4 g6 36. Bf3 f5 37. Bxe4 Rxe4 38. Kf1 Rd7 39. Ra5 Rexd4 40. Rxd4
Rxd4 41. Rxb5 Rd2 42. Na2 Kg7 43. Ke1 1/2-1/2

[Event "SR 1. liga zapad 2012/2013"]
[Site "?"]
[Date "2012.10.20"]
[Round "1.3"]
[White "Gasa, Andrej"]
[Black "Kukel, Imre 1985"]
[Result "0-1"]
[WhiteElo "2282"]
[BlackElo "2260"]
[PlyCount "71"]
[EventDate "2012.??.??"]

1. e4 c5 2. Nf3 d6 3. d4 cxd4 4. Nxd4 Nf6 5. Nc3 a6 6. Be3 e5 7. Nb3 Be7 8. f3
Be6 9. Qd2 O-O 10. O-O-O a5 11. a4 Na6 12. g4 Nb4 13. g5 Nh5 14. Kb1 f5 15. Rg1
fxe4 16. fxe4 Nf4 17. h4 Qe8 18. Bb5 Qg6 19. Rgf1 d5 20. Bxf4 exf4 21. exd5 Bg4
22. Rde1 Bd6 23. Nd4 Rac8 24. Be2 Bh3 25. h5 Qxg5 26. Rg1 Qd8 27. Bg4 Bxg4 28.
Rxg4 Rf7 29. Ne6 Qb6 30. Nxf4 Rc4 31. Re8+ Bf8 32. d6 Rd4 33. Qe3 Rdxf4 34.
Rxf4 Qxe3 35. Rxe3 Rxf4 36. Re1 0-1

[Event "SR 1. liga zapad 2012/2013"]
[Site "?"]
[Date "2012.10.20"]
[Round "1.3"]
[White "Janko, Zoltan"]
[Black "Cajka, Tibor"]
[Result "1/2-1/2"]
[WhiteElo "2283"]
[BlackElo "2170"]
[PlyCount "82"]
[EventDate "2012.??.??"]

1. e4 d6 2. d4 Nf6 3. Nc3 g6 4. f4 Bg7 5. Nf3 O-O 6. Bd3 c5 7. dxc5 dxc5 8. O-O
Nc6 9. e5 Ng4 10. Qe2 Nh6 11. Be3 b6 12. Be4 Bb7 13. Rad1 Qc8 14. Kh1 Nf5 15.
Bf2 Bh6 16. Nd5 Kh8 17. g4 e6 18. Nf6 Bxf4 19. gxf5 gxf5 20. Be3 Bxe5 21. Nxe5
Nxe5 22. Qh5 Bxe4+ 23. Nxe4 Qb7 24. Qh4 Qxe4+ 25. Qxe4 fxe4 26. Bg5 f5 27. Rd6
Rae8 28. Bh6 Rf6 29. Bf4 Ng6 30. Bd2 Ref8 31. Bg5 R6f7 32. Rxe6 Kg7 33. h4 Rc8
34. h5 Nf8 35. Bh6+ Kh8 36. Re5 Rc6 37. Bd2 Re6 38. Rexf5 Rxf5 39. Rxf5 Kg8 40.
Kg2 Nd7 41. Bc3 Re7 1/2-1/2

[Event "SR 1. liga zapad 2012/2013"]
[Site "?"]
[Date "2012.10.20"]
[Round "1.3"]
[White "Plachetka, Jan"]
[Black "Bagi, Mate"]
[Result "1/2-1/2"]
[WhiteElo "2355"]
[BlackElo "2349"]
[PlyCount "80"]
[EventDate "2012.??.??"]

1. c4 Nf6 2. Nf3 g6 3. Nc3 d5 4. cxd5 Nxd5 5. h4 Bg7 6. h5 Nc6 7. h6 Bf6 8. Ne4
Bg4 9. Nxf6+ Nxf6 10. d3 Qd6 11. Bd2 e5 12. Qa4 Bd7 13. Rc1 Nd5 14. Qc4 f6 15.
g3 O-O-O 16. Bg2 Be6 17. Qc5 Qxc5 18. Rxc5 Nde7 19. a3 g5 20. Be3 Nf5 21. Nd2
Nce7 22. Ne4 Nxe3 23. fxe3 Nd5 24. Kf2 Rhg8 25. b4 Rg6 26. Rc2 b6 27. Nd2 Ne7
28. Be4 Bf5 29. g4 Bxe4 30. Nxe4 f5 31. gxf5 Nxf5 32. Rhc1 Rd7 33. Rc6 Rxh6 34.
Rxh6 Nxh6 35. Nxg5 Rg7 36. Ne4 Ng4+ 37. Kf3 Nh2+ 38. Kf2 Ng4+ 39. Kf3 Nh2+ 40.
Kf2 Ng4+ 1/2-1/2

[Event "SR 1. liga zapad 2012/2013"]
[Site "?"]
[Date "2012.10.20"]
[Round "1.3"]
[White "Sebensky, Martin"]
[Black "Pericka, Tomas"]
[Result "0-1"]
[WhiteElo "2021"]
[BlackElo "2029"]
[PlyCount "70"]
[EventDate "2012.??.??"]

1. d4 f5 2. c4 Nf6 3. Nc3 e6 4. g3 Be7 5. Bg2 O-O 6. Nf3 d6 7. O-O Kh8 8. Re1
Ne4 9. Qb3 Nd7 10. Nxe4 fxe4 11. Nd2 e3 12. Qxe3 Nf6 13. Nf3 Qe8 14. h3 Bd7 15.
Ng5 e5 16. dxe5 dxe5 17. Rd1 Qh5 18. Bf3 Qg6 19. Qxe5 Bd6 20. Qd4 Rae8 21. c5
Be7 22. Qh4 h6 23. Ne4 Bc6 24. Nxf6 Bxf6 25. Qh5 Qc2 26. Rd2 Qa4 27. Bxc6 Qxc6
28. Rd3 Re7 29. Qf3 Qxc5 30. Be3 Qc2 31. Rd2 Qg6 32. Qxb7 Rxe3 33. fxe3 Qxg3+
34. Kh1 Qxh3+ 35. Kg1 Qxe3+ 0-1

[Event "SR 1. liga zapad 2012/2013"]
[Site "?"]
[Date "2012.10.20"]
[Round "1.3"]
[White "Vach, Pavol"]
[Black "Balogh, Peter"]
[Result "0-1"]
[WhiteElo "2092"]
[BlackElo "2013"]
[PlyCount "50"]
[EventDate "2012.??.??"]

1. d4 Nf6 2. c4 c5 3. d5 e6 4. Nc3 exd5 5. cxd5 d6 6. e4 g6 7. Nf3 Bg7 8. Bb5+
Nfd7 9. a4 a6 10. Be2 O-O 11. O-O Ne5 12. Bf4 Nxf3+ 13. Bxf3 f5 14. Qd2 Qc7 15.
Rfe1 Nd7 16. exf5 Ne5 17. Bxe5 Bxe5 18. fxg6 hxg6 19. Qh6 Bf5 20. g4 Bd3 21.
Qe3 c4 22. Be4 Qh7 23. h3 Bf4 24. Bxg6 Bxg6 25. Qe6+ Kh8 0-1

[Event "SR 1. liga zapad 2012/2013"]
[Site "?"]
[Date "2012.10.20"]
[Round "1.3"]
[White "Voros, Gellert"]
[Black "Jozefek, Michal"]
[Result "1-0"]
[WhiteElo "2042"]
[BlackElo "2060"]
[PlyCount "69"]
[EventDate "2012.??.??"]

1. e4 c5 2. c3 Nf6 3. e5 Nd5 4. d4 cxd4 5. Nf3 Nc6 6. Bc4 Nb6 7. Bb3 d5 8. exd6
Qxd6 9. O-O Bf5 10. Nxd4 Nxd4 11. cxd4 e6 12. Nc3 Be7 13. Qf3 O-O 14. d5 Qd7
15. Rd1 e5 16. h3 Bg6 17. Be3 Rac8 18. Qe2 Bd6 19. a4 Na8 20. Bxa7 b6 21. Nb5
Bc5 22. a5 f5 23. axb6 Nxb6 24. Ra6 Bh5 25. d6+ Kh8 26. Qxh5 Qxb5 27. Bxb6 Bxb6
28. Ra3 Bc5 29. Ba4 Qxb2 30. Rf3 g6 31. Qh4 e4 32. Rb3 Qc2 33. Rb7 Bxf2+ 34.
Qxf2 Qxa4 35. Qb2+ 1-0

[Event "SR 1. liga zapad 2012/2013"]
[Site "?"]
[Date "2012.10.20"]
[Round "1.4"]
[White "Barczi, Tibor"]
[Black "Chovanec, Milan"]
[Result "0-1"]
[WhiteElo "2070"]
[BlackElo "2153"]
[PlyCount "78"]
[EventDate "2012.??.??"]

1. e4 Nf6 2. Nc3 d5 3. e5 Ne4 4. Nxe4 dxe4 5. d4 exd3 6. Qxd3 Qxd3 7. Bxd3 Nc6
8. f4 g6 9. Bd2 Bf5 10. Bxf5 gxf5 11. Ne2 O-O-O 12. c3 Bh6 13. O-O-O Rd7 14.
Kc2 Rg8 15. g3 Rgd8 16. Bc1 e6 17. Rxd7 Rxd7 18. Rd1 Bg7 19. Be3 f6 20. Nd4
Nxd4+ 21. cxd4 Kd8 22. Rd3 Ke8 23. Rb3 c6 24. d5 exd5 25. e6 Rc7 26. Bxa7 b5
27. Bc5 Bf8 28. Bd4 Be7 29. Bb6 Rb7 30. Bf2 Bd6 31. Rc3 Rc7 32. Bb6 Rc8 33. a3
Ke7 34. Re3 c5 35. Re2 Ra8 36. b4 cxb4 37. axb4 Ra2+ 38. Kd3 Rxe2 39. Kxe2 Bxb4
0-1

[Event "SR 1. liga zapad 2012/2013"]
[Site "?"]
[Date "2012.10.20"]
[Round "1.4"]
[White "Jakubek, Peter"]
[Black "Bona, Zoltan"]
[Result "1-0"]
[WhiteElo "2136"]
[BlackElo "1948"]
[PlyCount "57"]
[EventDate "2012.??.??"]

1. d4 d5 2. Bf4 Nf6 3. e3 e6 4. Bd3 Nbd7 5. Nd2 c5 6. c3 Be7 7. h3 c4 8. Bc2 b5
9. Ngf3 a5 10. O-O O-O 11. Ne5 Nxe5 12. dxe5 Nd7 13. Nf3 Bb7 14. Nd4 Qb6 15.
Qg4 Rfc8 16. Bg3 b4 17. f4 b3 18. Bb1 Nc5 19. f5 Bf8 20. fxe6 fxe6 21. Bxh7+
Kxh7 22. Qh5+ Kg8 23. Qf7+ Kh8 24. Qh5+ Kg8 25. Qf7+ Kh8 26. Rf4 g5 27. Qh5+
Kg8 28. Qg6+ Bg7 29. Rf7 1-0

[Event "SR 1. liga zapad 2012/2013"]
[Site "?"]
[Date "2012.10.20"]
[Round "1.4"]
[White "Kral, Klaudia"]
[Black "Obona, Jan"]
[Result "1/2-1/2"]
[WhiteElo "1871"]
[BlackElo "2147"]
[PlyCount "46"]
[EventDate "2012.??.??"]

1. e4 c5 2. c3 Nf6 3. e5 Nd5 4. d4 cxd4 5. Nf3 Nc6 6. cxd4 g6 7. Bc4 Nb6 8. Bb5
Bg7 9. Nc3 O-O 10. O-O d6 11. exd6 Qxd6 12. Be3 Nd5 13. Qd2 Nxc3 14. bxc3 Bg4
15. Be2 Rfd8 16. h3 Bf5 17. Rac1 e5 18. Rfd1 e4 19. Ne1 b6 20. f3 Qa3 21. fxe4
Bxe4 22. Nf3 Re8 23. Ng5 Bd5 1/2-1/2

[Event "SR 1. liga zapad 2012/2013"]
[Site "?"]
[Date "2012.10.20"]
[Round "1.4"]
[White "Kvassay, Peter"]
[Black "Barczi, Viktor"]
[Result "1-0"]
[WhiteElo "2028"]
[BlackElo "1997"]
[PlyCount "69"]
[EventDate "2012.??.??"]

1. d4 d5 2. Nf3 g6 3. g3 Bg7 4. Bg2 Nf6 5. c4 dxc4 6. O-O O-O 7. Ne5 Nbd7 8.
Nxc4 Nb6 9. Ne5 c6 10. Nc3 Ng4 11. Nf3 e5 12. dxe5 Nxe5 13. Nxe5 Bxe5 14. Qc2
Qe7 15. b3 Rd8 16. Bb2 Bf5 17. e4 Be6 18. f4 Bd4+ 19. Kh1 f5 20. Rad1 Qg7 21.
Rxd4 Qxd4 22. Nd5 Qxb2 23. Ne7+ Kf7 24. Qxb2 Kxe7 25. Qg7+ Bf7 26. exf5 Rd7 27.
fxg6 hxg6 28. Bh3 Rg8 29. Re1+ Kd8 30. Qf6+ Kc7 31. Qe5+ Kc8 32. Bxd7+ Nxd7 33.
Qd6 Re8 34. Rxe8+ Bxe8 35. Qe7 1-0

[Event "SR 1. liga zapad 2012/2013"]
[Site "?"]
[Date "2012.10.20"]
[Round "1.4"]
[White "Motuz, Karol"]
[Black "Szegi, Tamas"]
[Result "1-0"]
[WhiteElo "2397"]
[BlackElo "2228"]
[PlyCount "63"]
[EventDate "2012.??.??"]

1. d4 Nf6 2. Nf3 g6 3. Nc3 d5 4. Bf4 Bg7 5. e3 O-O 6. Be2 c5 7. O-O Nc6 8. h3
Ne4 9. Rb1 a6 10. Nxe4 dxe4 11. Nd2 cxd4 12. Nxe4 Bf5 13. Ng3 Be6 14. a3 Ba2
15. Ra1 e5 16. Rxa2 exf4 17. exf4 Qh4 18. f5 Be5 19. Qd3 Rae8 20. Raa1 Qf4 21.
fxg6 hxg6 22. Bf3 Bc7 23. Bxc6 bxc6 24. Rfe1 a5 25. Rad1 c5 26. a4 Qh4 27. Re4
Rxe4 28. Nxe4 c4 29. Qxc4 Be5 30. Qd5 Qh5 31. Rxd4 Bxd4 32. Qxd4 1-0

[Event "SR 1. liga zapad 2012/2013"]
[Site "?"]
[Date "2012.10.20"]
[Round "1.4"]
[White "Nagy, Attilla"]
[Black "Skrabakova, Katarina"]
[Result "1/2-1/2"]
[WhiteElo "1868"]
[BlackElo "1991"]
[PlyCount "54"]
[EventDate "2012.??.??"]

1. e4 c5 2. Nf3 d6 3. d4 cxd4 4. Nxd4 Nf6 5. Nc3 a6 6. Be3 e5 7. Nde2 Be6 8. f4
Ng4 9. Qd2 Nxe3 10. Qxe3 Nd7 11. Ng3 exf4 12. Qxf4 Be7 13. Nf5 Bxf5 14. Qxf5
Bf6 15. Nd5 Bxb2 16. Rb1 g6 17. Qf3 Bd4 18. Rxb7 O-O 19. c3 Be5 20. Bc4 Rb8 21.
Rxb8 Qxb8 22. O-O Qa7+ 23. Kh1 Nc5 24. Qe3 Kg7 25. Nf4 Qe7 26. Nd3 Nxd3 27.
Qxd3 a5 1/2-1/2

[Event "SR 1. liga zapad 2012/2013"]
[Site "?"]
[Date "2012.10.20"]
[Round "1.4"]
[White "Vojtek, Vladimir"]
[Black "Dolnik, Attila"]
[Result "1-0"]
[WhiteElo "2283"]
[BlackElo "2156"]
[PlyCount "49"]
[EventDate "2012.??.??"]

1. d4 Nf6 2. Nf3 d5 3. e3 e6 4. Bd3 c6 5. b3 Bd6 6. Bb2 O-O 7. Nbd2 Nbd7 8. Ne5
Qc7 9. f4 c5 10. O-O b6 11. Rf3 Bb7 12. Nxd7 Qxd7 13. dxc5 Be7 14. Bxf6 Bxf6
15. Bxh7+ Kxh7 16. Rh3+ Kg8 17. Qh5 Bh4 18. Qxh4 f6 19. Qh7+ Kf7 20. Rg3 Rg8
21. cxb6 axb6 22. Nf3 Qc6 23. Rf1 Qc3 24. Ne5+ Ke7 25. Rxg7+ 1-0

[Event "SR 1. liga zapad 2012/2013"]
[Site "?"]
[Date "2012.10.20"]
[Round "1.5"]
[White "Dolnak, Michal"]
[Black "Gunis, Juraj"]
[Result "1-0"]
[WhiteElo "2115"]
[BlackElo "2108"]
[PlyCount "75"]
[EventDate "2012.??.??"]

1. d4 Nf6 2. c4 g6 3. Nc3 Bg7 4. e4 d6 5. Nf3 O-O 6. Be2 e5 7. O-O Nc6 8. d5
Ne7 9. b4 a5 10. Ba3 axb4 11. Bxb4 Ne8 12. a4 f5 13. Nd2 Nf6 14. c5 Bh6 15.
cxd6 cxd6 16. Nc4 Ne8 17. Qb3 Kh8 18. Qa3 Rf6 19. Nxe5 Bf4 20. Nd3 fxe4 21.
Nxe4 Rf5 22. Nc3 Bh6 23. Bg4 Rg5 24. Be6 Nf5 25. Ne4 Rh5 26. Bc3+ Neg7 27. Ng3
Nxg3 28. hxg3 Qb6 29. Rfe1 Qa6 30. Nf4 Rg5 31. Rac1 b5 32. a5 Bb7 33. Qb2 Qa7
34. Re3 Rf8 35. Rce1 Qc5 36. Bd4 Qc4 37. Rc1 Qa4 38. Ra3 1-0

[Event "SR 1. liga zapad 2012/2013"]
[Site "?"]
[Date "2012.10.20"]
[Round "1.5"]
[White "Hacik, Radomir"]
[Black "Detko, Jan"]
[Result "1-0"]
[WhiteElo "2185"]
[BlackElo "2163"]
[PlyCount "57"]
[EventDate "2012.??.??"]

1. e4 e6 2. d4 d5 3. Nd2 Nf6 4. Bd3 c5 5. c3 Nc6 6. Ngf3 cxd4 7. cxd4 Nb4 8.
Bb1 dxe4 9. Nxe4 Nbd5 10. O-O Nxe4 11. Bxe4 Be7 12. Qb3 O-O 13. Bd2 b6 14. Rfc1
Bb7 15. Ne5 Rc8 16. Qa4 Rxc1+ 17. Rxc1 Qa8 18. Bxd5 exd5 19. Qd7 Bf6 20. Bb4
Rc8 21. Qxf7+ Kh8 22. Re1 a5 23. Bd6 Qa6 24. Qe6 Bxe5 25. Bxe5 Rg8 26. Qd7 b5
27. Rc1 Qh6 28. f4 Ba8 29. Rc8 1-0

[Event "SR 1. liga zapad 2012/2013"]
[Site "?"]
[Date "2012.10.20"]
[Round "1.5"]
[White "Havlicek, Libor"]
[Black "Dobrotka, Martin"]
[Result "1-0"]
[WhiteElo "2299"]
[BlackElo "2235"]
[PlyCount "87"]
[EventDate "2012.??.??"]

1. d4 Nf6 2. Nf3 d6 3. c4 g6 4. Nc3 Bg7 5. g3 c6 6. Bg2 Qa5 7. O-O Qh5 8. e4
Bg4 9. Qd3 Na6 10. a3 e5 11. b4 O-O 12. Bb2 Rad8 13. Rfe1 Bxf3 14. Bxf3 Ng4 15.
Bxg4 Qxg4 16. d5 Nc7 17. Kg2 f5 18. f3 fxe4 19. Nxe4 Qf5 20. Rf1 b5 21. dxc6
bxc4 22. Qxc4+ d5 23. Qb3 Qe6 24. Ng5 Qxc6 25. Rac1 Qd7 26. f4 Rf5 27. Rxc7
Qxc7 28. Ne6 Qd7 29. Nxd8 exf4 30. Bxg7 Kxg7 31. Qc3+ Rf6 32. Rxf4 Qxd8 33. Qe5
Qd6 34. Qxf6+ Qxf6 35. Rxf6 Kxf6 36. Kf3 Ke5 37. Ke3 g5 38. a4 d4+ 39. Kd3 Kd5
40. g4 Ke5 41. b5 Kd5 42. a5 h6 43. b6 axb6 44. axb6 1-0

[Event "SR 1. liga zapad 2012/2013"]
[Site "?"]
[Date "2012.10.20"]
[Round "1.5"]
[White "Kaniansky, Miroslav"]
[Black "Castiglione, Mario"]
[Result "1/2-1/2"]
[WhiteElo "2209"]
[BlackElo "2282"]
[PlyCount "58"]
[EventDate "2012.??.??"]

1. d4 d5 2. Nf3 c6 3. c4 Nf6 4. Nc3 g6 5. e3 Bg7 6. Bd3 O-O 7. O-O Bg4 8. h3
Bxf3 9. Qxf3 Qd6 10. cxd5 cxd5 11. Bd2 Nc6 12. b4 e5 13. dxe5 Nxe5 14. Qe2 Nxd3
15. Qxd3 Qxb4 16. Nxd5 Qa4 17. Nc3 Qa3 18. Rab1 Rfd8 19. Qe2 Nh5 20. Rb3 Qa5
21. Rd1 Rac8 22. Be1 Rxd1 23. Nxd1 Qd5 24. Bc3 Rd8 25. Rb1 Qe4 26. Qb2 Bh6 27.
Bd4 Nf4 28. Qxb7 Ne2+ 29. Kh1 Qxb7 1/2-1/2

[Event "SR 1. liga zapad 2012/2013"]
[Site "?"]
[Date "2012.10.20"]
[Round "1.5"]
[White "Lakatos, Vladimir"]
[Black "Peitl, Tomas"]
[Result "1/2-1/2"]
[WhiteElo "2155"]
[BlackElo "2220"]
[PlyCount "63"]
[EventDate "2012.??.??"]

1. c4 e5 2. Nc3 Nc6 3. g3 g6 4. Bg2 Bg7 5. e4 Nge7 6. Nge2 O-O 7. O-O d6 8. d3
f5 9. Rb1 Be6 10. Nd5 Bf7 11. Bg5 h6 12. Bf6 Bxf6 13. Nxf6+ Kg7 14. Nd5 Nxd5
15. exd5 Nb8 16. Qb3 Qc8 17. f4 Nd7 18. Rbe1 Rb8 19. Qc3 Re8 20. b4 Qd8 21. h3
Qf6 22. Qd2 b5 23. a3 Nb6 24. Rc1 e4 25. cxb5 Nxd5 26. dxe4 fxe4 27. Nd4 g5 28.
fxg5 Qxg5 29. Qxg5+ hxg5 30. Rfe1 Bg6 31. Rc4 Rb7 32. Re2 1/2-1/2

[Event "SR 1. liga zapad 2012/2013"]
[Site "?"]
[Date "2012.10.20"]
[Round "1.5"]
[White "Pinter, Patrik"]
[Black "Kovac, Andrej"]
[Result "0-1"]
[WhiteElo "2164"]
[BlackElo "2148"]
[PlyCount "70"]
[EventDate "2012.??.??"]

1. e4 e6 2. d4 d5 3. Nc3 Nf6 4. e5 Nfd7 5. f4 c5 6. Nce2 Nc6 7. Nf3 Qb6 8. c3
cxd4 9. cxd4 f6 10. Nc3 Be7 11. Bd3 O-O 12. Na4 Bb4+ 13. Bd2 Qa5 14. Nc3 Qb6
15. Be3 fxe5 16. fxe5 Ncxe5 17. Nxe5 Nxe5 18. Bxh7+ Kxh7 19. Qh5+ Kg8 20. Qxe5
Bd6 21. Qg5 Qxb2 22. Rc1 Bb4 23. Bd2 Bxc3 24. Rxc3 Qa1+ 25. Rc1 Qxd4 26. Rc7
Qf6 27. Qg3 b6 28. Bc3 d4 29. Bb4 Ba6 30. Be7 Qh6 31. Bxf8 Rxf8 32. Kd1 d3 33.
Re1 Bb5 34. Re3 Qf6 35. Qg4 Qa1+ 0-1

[Event "SR 1. liga zapad 2012/2013"]
[Site "?"]
[Date "2012.10.20"]
[Round "1.5"]
[White "Reisel, Frantisek"]
[Black "Sosovicka, Juraj"]
[Result "0-1"]
[WhiteElo "2005"]
[BlackElo "2089"]
[PlyCount "52"]
[EventDate "2012.??.??"]

1. d4 Nf6 2. c4 c6 3. Nc3 d5 4. e3 e6 5. Nf3 Nbd7 6. a3 Bd6 7. Qc2 O-O 8. b4
Qe7 9. Bb2 dxc4 10. Bxc4 e5 11. dxe5 Nxe5 12. Nxe5 Bxe5 13. Ne2 Bf5 14. Qxf5
Bxb2 15. Ra2 g6 16. Qc2 Be5 17. O-O Rad8 18. g3 Rd7 19. Nf4 Rfd8 20. Qb3 Ne4
21. Rc1 Nd2 22. Qc2 Bxf4 23. exf4 Nf3+ 24. Kh1 Rd2 25. Qb1 Rxa2 26. Qxa2 Rd2
0-1

[Event "SR 1. liga zapad 2012/2013"]
[Site "?"]
[Date "2012.10.20"]
[Round "1.5"]
[White "Valent, Ivan"]
[Black "Hanko, Pavol"]
[Result "0-1"]
[WhiteElo "2228"]
[BlackElo "2157"]
[PlyCount "80"]
[EventDate "2012.??.??"]

1. e4 c5 2. Nf3 e6 3. d3 Nc6 4. g3 g6 5. Bg2 Bg7 6. O-O Nge7 7. Nbd2 O-O 8. a3
d5 9. Re1 b5 10. e5 Qc7 11. Qe2 Nf5 12. c3 b4 13. axb4 cxb4 14. g4 Nfe7 15. c4
a5 16. b3 f5 17. gxf5 Nxf5 18. Bb2 Rd8 19. Nf1 dxc4 20. dxc4 Bb7 21. Ne3 Ncd4
22. Nxd4 Nxd4 23. Qg4 Nf5 24. Nxf5 gxf5 25. Qe2 Kh8 26. Bxb7 Qxb7 27. f3 Bh6
28. Bc1 Bxc1 29. Raxc1 a4 30. bxa4 Rxa4 31. c5 Qc6 32. Red1 Rg8+ 33. Kf2 b3 34.
Rd6 Qe8 35. Rg1 Rxg1 36. Kxg1 Qg6+ 37. Kf2 Ra2 38. Rd2 Qh6 39. Rxa2 bxa2 40.
Qa6 Qxh2+ 0-1